Rahsia doa-doa mustajab : daripada Al-Quran & As-sunnah

Bibliographic Details
Other Authors: Harun Arrasyid Tuskan
Format: Book
Published: Selangor : Pustaka Ilmi , 2003
Subjects:

MARC

LEADER 00000cam a2200000 7i4500
001 0000012525
005 20080111.0
008 071224
020 |a 9830982270 
090 0 0 |a 297.3824   |b RAH 
245 1 0 |a Rahsia doa-doa mustajab :   |b daripada Al-Quran & As-sunnah   |c disusun oleh Harun Arrasyid Tuskan 
260 |a Selangor :   |b Pustaka Ilmi ,   |c 2003 
650 0 |a Islam   |x Customs & practices 
650 0 |a Islam   |x Prayers and devotions 
700 1 |a Harun Arrasyid Tuskan 
999 |a 0001007946   |b Book   |c Adult Collection   |e Perbadanan Perpustakaan Awam Johor 
999 |a 0001007947   |b Book   |c Adult Collection   |e Perbadanan Perpustakaan Awam Johor 
999 |a 0001007948   |b Book   |c Adult Collection   |e Perbadanan Perpustakaan Awam Johor